| 000 | 01198nam a2200253Ia 4500 | ||
|---|---|---|---|
| 003 | OSt | ||
| 005 | 20210415162834.0 | ||
| 008 | 210310s2012 sp ado 000 0 spa d | ||
| 020 | _a9783847360568 | ||
| 040 |
_aCO-JMCR _cCO-JMCR |
||
| 041 | 0 | _aspa | |
| 082 | 0 | 4 |
_a658.91 / _bF852a _223 |
| 100 | 1 |
_aFunes, Roberto, _eautor _925598 |
|
| 245 | 1 | 0 |
_aAnálisis sobre estrategias de fidelización de clientes : _badministradoras de fondos de pensiones en el salvador / _cRoberto Funes |
| 260 |
_aEspaña : _bAcademia española, _c2012. |
||
| 300 |
_a67 páginas : _bilustraciones, fotografías y gráficos en blanco y negro ; _c22 cm. |
||
| 504 | _aBibliografía: páginas 57-58. | ||
| 505 | _aSistema de ahorro para pensiones en el Salvador. -- Administradoras de fondos de pensiones en el Salvador. -- Entendimiento del cliente. -- Propuesta de mejora. -- Conclusiones y recmendaciones. | ||
| 520 | 0 | _aLos cambios en la economía moderna, obligan a las empresas a volverse más competitivas cada día y lograr así posiciones privilegiadas dentro del mercado. | |
| 650 | 1 | 4 |
_aClientes. _925600 |
| 650 | 2 | 4 |
_aServicios. _936893 |
| 650 | 2 | 4 |
_aEstrategia administrativa. _936894 |
| 942 |
_2ddc _cBK |
||
| 999 |
_c11466 _d11466 |
||